| 000 | 00932nam a2200277Ia 4500 | ||
|---|---|---|---|
| 001 | Para_8053 | ||
| 003 | CHAP | ||
| 008 | 220125s1932 xx 000 0 und d | ||
| 010 | _a206897 | ||
| 040 | _cCHAP | ||
| 082 | _aPA-C 595.75 H4 | ||
| 100 |
_aShelford V. E. _9173256 |
||
| 245 |
_aAn experimental and abservation study of the chinch bug in relation to climate and wather / _c by V. E. Shelford |
||
| 260 |
_aUrbana, ILL. : _b Division of the Natural History Survey |
||
| 300 | _a61 p. | ||
| 440 |
_aHemiptera; 13 _9173248 |
||
| 500 | _aEncuadernado con otros impresos similares | ||
| 650 |
_aHemÃpteros _x colecciones de escritos Chinchbugs HemÃpteros _xefecto de la humedad Hemipteros _x efecto del clima _9173257 |
||
| 901 | _aPA-C 595.75 H4 | ||
| 902 | _aA | ||
| 905 | _a0000001932 0000000000 00 | ||
| 910 | _a1932 | ||
| 942 | _cPARA | ||
| 942 |
_cPARA _d1 |
||
| 999 |
_c206897 _d206897 |
||